000 00559nam a2200157 i 4500
001 104733
003 ES-MaACL
007 t|
008 051212s1953 sp ||||1| spa d
100 1 _aMiranda, Luis de.
_981532
245 1 0 _aComedia Pródiga dirigida al muy magnífico Señor Juan de Villalva... /
_ccompuesta y moralizada por Luys de Miranda Plazentino... En Sevilla, año de 1554.
260 _aValencia :
_b[s.n.],
_c1953 (
_fTipografía Moderna)
300 _a26 h. ;
_c28 cm.
500 _aEdición Facsimil.
852 _aES-MaACL
_jC-8324
_bR.35423
999 _c104733
_d104733